| 000 | 00350nam a2200097Ia 4500 | ||
|---|---|---|---|
| 008 | 220204s9999 xx 000 0 und d | ||
| 082 |
_a380.13(047) _bIND |
||
| 245 | 0 | _aIndian Institute of foreign trade: Report on the market survey on cardamom in Saudi Arabia, Kuwait and Baharain | |
| 260 |
_aNew Delhi _bIndian Inst of foreign trade _c1967 |
||
| 942 | _cBK | ||
| 999 |
_c23560 _d23560 |
||